Good practice briefing (Record no. 104293)

MARC details
000 -LEADER
fixed length control field 01283cam a2200217 4500
001 - CONTROL NUMBER
control field L129836
008 - FIXED-LENGTH DATA ELEMENTS--GENERAL INFORMATION
fixed length control field 050527n2005 000 0 eng u
035 ## - SYSTEM CONTROL NUMBER
System control number (Sirsi) u129836
041 ## - LANGUAGE CODE
Language code of text/sound track or separate title eng
050 ## - LIBRARY OF CONGRESS CALL NUMBER
Classification number 306
-- 18
110 ## - MAIN ENTRY--CORPORATE NAME
Corporate name or jurisdiction name as entry element Chartered Institute of Housing
9 (RLIN) 2394
245 ## - TITLE STATEMENT
Title Good practice briefing
Remainder of title anti-social behaviour - issue 30 May 2005
260 ## - PUBLICATION, DISTRIBUTION, ETC.
Place of publication, distribution, etc. Coventry
Name of publisher, distributor, etc. Chartered Institute of Housing
Date of publication, distribution, etc. 2005
300 ## - PHYSICAL DESCRIPTION
Extent 19p.
Dimensions 30cm
490 ## - SERIES STATEMENT
Series statement CIH Good Practice Briefing
Volume/sequential designation 30
520 ## - SUMMARY, ETC.
Summary, etc. This Chartered Institute of Housing good practice briefing covers many of the latest initiatives, which have successfully combated anti-social behaviour across the UK. Examines the Anti-social Behaviour Act 2003, the Anti-social Behaviour (Scotland) Act 2004, the legal remedies available to landlords to tackle anti-social behaviour, partnership working and information sharing. Looks also at the themes of supporting victims and witnesses, drugs, young people and anti-social behaviour, environmental anti-social behaviour and selects 10 key messages. Provides list of useful websites.
650 ## - SUBJECT ADDED ENTRY--TOPICAL TERM
Topical term or geographic name entry element ANTI-SOCIAL BEHAVIOUR ACT 2003
650 ## - SUBJECT ADDED ENTRY--TOPICAL TERM
Topical term or geographic name entry element ANTI-SOCIAL BEHAVIOUR (SCOTLAND) ACT 2004
690 ## - LOCAL SUBJECT ADDED ENTRY--TOPICAL TERM (OCLC, RLIN)
Topical term or geographic name as entry element PROPERTY-RESIDENTIAL PROPERTY-RESIDENTIAL LANDLORD AND TENANT
942 ## - ADDED ENTRY ELEMENTS (KOHA)
Suppress in OPAC 0
Holdings
Withdrawn status Lost status Source of classification or shelving scheme Damaged status Not for loan Home library Current library Shelving location Date acquired Total Checkouts Full call number Barcode Date last seen Copy number Price effective from Koha item type
    Dewey Decimal Classification     London London Enquiry desk 27/05/2005   BOXED SET 30070590 06/08/2019 1 06/08/2019 Book